000 00852nam a2200253 i 4500
001 79549
003 ES-MaACL
005 20250804072410.0
007 t|
008 041022s1981 sp ||||1| spa d
020 _a84-206-1655-9
080 _a821.134.2-14"19"
100 1 _aHernández, Miguel,
_d1910-1942
_962844
245 1 0 _aPoemas sociales, de guerra y de muerte /
_cMiguel Hernández ; introducción, selección y notas de Leopoldo de Luis.
250 _a4ª ed.
260 _aMadrid :
_bAlianza Editorial,
_c1981.
300 _a123 p. ;
_c18 cm.
490 1 _aEl libro de bolsillo. Sección literatura ;
_v655
504 _aBibliografía: p. 19-20.
700 1 _aLuis, Leopoldo de,
_d1918-2005
_974682
830 1 3 _aEl libro de bolsillo.
_pLiteratura
_v655
_9180913
852 4 _aES-MaACL
_jL-1108
999 _c79549
_d79549